000 00281nam a2200109Ia 4500
008 220204s9999 xx 000 0 und d
082 _a347.73
_bHOM
245 0 _aNotes on financial rules
260 _aDelhi
_bManager of Publications
_c1961
650 _aFinancial rules
942 _cBK
999 _c20115
_d20115